ASoIaF Major Houses Typing Challenge Quiz Stats

 Plays Quiz Updated Aug 21, 2014

Challenge
Share
Tweet
Embed
Score 0/78 Timer 02:00
2 Plays Today
What to type ↓ Type it here! ↓ % Correct
????
100%
????
94.7%
????
93.8%
????
93.2%
????
92.5%
????
92.3%
????
91.6%
????
91.1%
????
90.7%
????
90.5%
????
90.2%
????
90%
????
89.7%
????
89.4%
????
89.2%
????
89%
????
88.8%
????
88.6%
????
88.5%
????
88.3%
????
88.1%
????
88%
????
87.8%
????
87.7%
????
87.6%
????
87.4%
????
87.1%
????
86.7%
????
86.4%
????
86.2%
????
85.8%
????
85.4%
????
85.2%
????
84.8%
????
84.3%
????
83.9%
????
83.4%
????
83.1%
????
82.5%
What to type ↓ Type it here! ↓ % Correct
????
82%
????
81.5%
????
81%
????
79.6%
????
79%
????
78.2%
????
77.2%
????
76.3%
????
75.8%
????
74.8%
????
74%
????
73.2%
????
71.1%
????
69.7%
????
68.5%
????
67%
????
65.6%
????
63.4%
????
61.3%
????
58.2%
????
56.4%
????
53.5%
????
48.7%
????
45.9%
????
43.2%
????
41.3%
????
38.1%
????
36%
????
32.5%
????
30.6%
????
28.3%
????
26.5%
????
25%
????
22.6%
????
20.5%
????
18.6%
????
17.3%
????
15.9%
????
14.2%

You're not logged in!

Compare scores with friends on all Sporcle quizzes.
OR
Log In

You Might Also Like...

Show Comments

Extras

Top Quizzes Today


Score Distribution

Your Account Isn't Verified!

In order to create a playlist on Sporcle, you need to verify the email address you used during registration. Go to your Sporcle Settings to finish the process.

Report this User

Report this user for behavior that violates our Community Guidelines.

Details: